LEADER 00962nam0-22003371i-450- 001 990000779650403321 005 20001010 035 $a000077965 035 $aFED01000077965 035 $a(Aleph)000077965FED01 035 $a000077965 100 $a20001010d--------km-y0itay50------ba 101 0 $aita 105 $ay-------001yy 200 1 $a<>PROGETTO delle aree protette$fa cura diAdriano Paolella$gcontributi di Maurizio Aiello...[et al.] 210 $aCosenza$cLuigi Pellegrini$d1994 215 $a399 p.$d24 cm 225 1 $aStudi territoriali e ambientali 610 0 $aAMBIENTE$atutela 610 0 $aAREE PROTETTE 676 $a719 702 1$aAiello,$bMaurizio 702 1$aPaolella,$bAdriano 801 0$aIT$bUNINA$gRICA$2UNIMARC 901 $aBK 912 $a990000779650403321 952 $aURB.LE B 1245$b6448/921$fFARBC 959 $aFARBC 996 $aPROGETTO delle aree protette$9351293 997 $aUNINA DB $aING01 LEADER 03176nam 2200481 450 001 9910674361603321 005 20230807193741.0 035 $a(CKB)3710000000492919 035 $a(EXLCZ)993710000000492919 100 $a20151026d2015uuuu fy| 0 101 0 $aeng 135 $aurm|#---||||| 181 $ctxt$2rdacontent 182 $cc$2rdamedia 183 $acr$2rdacarrier 200 00$aAdvances and new perspectives in marine biotechnology$iMarine animals & plants$hVolume 1$b[electronic resource] /$fPaul F. Long, Bernie Degnan and Pabulo H. Rampelotto (Eds.) 210 1$aBasel, Switzerland :$cMDPI AG - Multidisciplinary Digital Publishing Institute,$d2015. 215 $a1 online resource (xvii, 407 pages) $cillustrations (black & white, some colour); digital, PDF file(s) 225 1 $aAdvances and new perspectives in marine biotechnology ;$vvolume 1 300 $a"This book is a printed edition of the Special Issue Advances and New Perspectives in Marine Biotechnology that was published in Marine Drugs"--publisher's webpage. 311 1 $a3-03842-106-5 320 $aIncludes bibliographical references. 330 2 $aAs the Century of Biology begins to bear fruit, through the translation of predictive biological understanding into applications that enhance the human condition and maintain biodiversity, the almost infinite potential of marine biological resources will be unlocked. Although Marine Biotechnology already has delivered products for medicine, food, bioenergy, nanomaterials, and bioremediation, less than 5% of our vast oceanic environment has been explored. Marine Biotechnology is a scientifically and economically expanding enterprise that is poised to harness the enormous but uncharted functional diversity of marine life, with its novel and rich array biodesigns and biosynthetic capabilities. From this pursuit comes new genes, chemicals, materials and inspirations for the benefit of industry, nutrition, medicine and the sustainable use and management of the world?s oceans. This Special Issue in Marine Drugs highlights the cutting-edge developments in Marine Biotechnology with a collection of papers written by authors who are leading experts in the field including selected papers from the 10th International Marine Biotechnology Conference (IMBC-2013), the premier meeting in marine biotechnology under the auspices of the International Marine Biotechnology Association. 410 0$aAdvances and new perspectives in marine biotechnology ;$vvolume 1. 606 $aMarine biotechnology 606 $aMarine animals 606 $aMarine microbiology$xResearch 606 $aBiomedical materials 606 $aDrug Discovery 615 0$aMarine biotechnology. 615 0$aMarine animals. 615 0$aMarine microbiology$xResearch. 615 0$aBiomedical materials. 615 2$aDrug Discovery. 676 $a591.77 702 $aLong$b Paul F. 702 $aDegnan$b Bernie 702 $aRampelotto$b Pabulo H. 801 2$bUkMaJRU 906 $aBOOK 912 $a9910674361603321 996 $aAdvances and New Perspectives in Marine Biotechnology$93013267 997 $aUNINA